000 00514cam a2200193 4500
001 D1269
008 090401t1982 xxu||||| |||| 00| 0 eng d
035 _a(Sirsi) u63313
041 _aeng
050 _a657.3
100 _aBarrett, F.R.
245 _aFinancial reporting: profit and provisions
260 _aAscot, Berks
_bThe Chartered Institute of Building
_c1982
300 _a4p. 30cm
350 _a0
490 _aCIOB Technical Information Service
_pSurveying
_v12
942 _n0
948 _c04/03/1997
999 _c94529
_d94529